Statistiques concernant Empereurs du Saint-Empire et d'Autriche.

Cliquez ici pour prendre le quiz!

Statistiques générales

  • Ce quiz a été pris 291 fois
  • Le résultat moyen est 33 sur 53

Statistiques - réponses

DynastieRègneEmpereur% Correct
Carolingiens800 - 814Charles Ier
96%
1916 - 1918Charles Ier
93%
875 - 877Charles II
93%
881 - 888Charles III
93%
1355 - 1378Charles IV
93%
1519 - 1558Charles V
93%
1711 - 1740Charles VI
93%
Wittelsbach1742 - 1745Charles VII
93%
814 - 840Louis Ier
88%
855 - 875Louis II
88%
Bivinides901 - 905Louis III
88%
1328 - 1347Louis IV
88%
Habsbourg - Lorraine1804 - 1835François Ier
87%
Lorraine1745 - 1765François Ier
87%
1792 - 1806François II
87%
Ottoniens962 - 973Otton Ier
76%
967 - 983Otton II
76%
996 - 1002Otton III
76%
Welf1209 - 1215Otton IV
76%
1835 - 1848Ferdinand Ier
71%
1556 - 1564Ferdinand Ier
71%
1619 - 1637Ferdinand II
71%
1637 - 1657Ferdinand III
71%
1705 - 1711Joseph Ier
67%
Habsbourg - Lorraine1765 - 1790Joseph II
67%
1155 - 1190Frédéric Ier
62%
Hohenstaufen1215 - 1250Frédéric II
61%
Habsbourg1452 - 1493Frédéric III
61%
1848 - 1867François - Joseph Ier
60%
1867 - 1916François - Joseph Ier
60%
1014 - 1024Henri II
57%
1046 - 1056Henri III
57%
1084 - 1105Henri IV
57%
1111 - 1125Henri V
57%
1191 - 1197Henri VI
57%
Luxembourg - Wittelsbach1312 - 1313Henri VII
57%
840 - 855Lothaire Ier
56%
Supplimbourg1133 - 1137Lothaire IIII
56%
1508 - 1519Maximilien Ier
52%
1564 - 1576Maximilien II
52%
1658 - 1705Léopold Ier
41%
1790 - 1792Léopold II
41%
Habsbourg1273 - 1291Rodolphe Ier
31%
1576 - 1612Rodolphe II
31%
1411 - 1437Sigismond Ier
24%
1298 - 1308Albert Ier
23%
Saliens1027 - 1039Conrad II
21%
Hohenstaufen1138 - 1152Conrad III
21%
1612 - 1619Matthias Ier
21%
Carolingiens896 - 898Arnulf Ier
20%
Widonides891 - 894Guy
19%
894 - 898Lambert
14%
Unrochides915 - 924Bérenger Ier
13%

Distribution des résultats

Percentile par nombre de réponses

% des personnes avec chaque résultat

Votre développement - résultats

Vous n’avez pas pris ce quiz